|
|
|
|
| LEADER |
00000nab a2200000 a 4500 |
| 001 |
vtls000489574 |
| 003 |
SK-MaSNL |
| 005 |
20260318122057.0 |
| 008 |
160216c1993 xo 0 hun |
| 015 |
|
|
|a SNBRB19rr/mm-uuuuu
|
| 035 |
|
|
|a CL0489712
|
| 040 |
|
|
|a SNKBUCL
|b slo
|c SNKBUCL
|e AACR2
|
| 041 |
0 |
|
|a hun
|
| 044 |
|
|
|a xo
|c SK
|
| 080 |
|
|
|a 801-051
|2 1981
|
| 080 |
|
|
|a 069-051
|2 1981
|
| 080 |
|
|
|a 373.5
|2 1981
|
| 080 |
|
|
|a 929 Arany, Adalbert Ladislav
|2 1981
|
| 100 |
1 |
|
|a Turczel, Lajos
|4 aut
|9 375107
|
| 245 |
1 |
0 |
|a Nagy tudós lehetett volna
|b Turczel Lajos visszaemlékezése Arany A. Lászlóra
|c Lajos Turczel, Szilvia Forgon S.
|
| 300 |
|
|
|b Fotogr. 1
|
| 600 |
1 |
7 |
|a Arany, Adalbert Ladislav,
|d 1909-1967
|2 snkbucl
|9 37335
|
| 655 |
|
7 |
|a články z novín a časopisov
|2 snkbucl
|9 267496
|
| 700 |
1 |
|
|a Forgon, Szilvia S.
|4 aut
|9 898669
|
| 773 |
0 |
|
|t Új szó
|g Roč. 46, č. 150 (30. 6. 1993), s. 7
|
| 850 |
|
|
|a Slovenská národná knižnica v Martine
|a DSG001
|
| 852 |
|
|
|a SNK
|b KIS3GCP
|
| 958 |
|
|
|a BX
|
| 958 |
|
|
|a RK
|
| 958 |
|
|
|a HU
|
| 992 |
|
|
|a RBX
|
| 999 |
|
|
|c 3000962
|d 3002892
|